<?xml version="1.0" encoding="UTF-8"?>
<record
    xmlns:xsi="http://www.w3.org/2001/XMLSchema-instance"
    xsi:schemaLocation="http://www.loc.gov/MARC21/slim http://www.loc.gov/standards/marcxml/schema/MARC21slim.xsd"
    xmlns="http://www.loc.gov/MARC21/slim">

  <leader>00591nam a22001457a 4500</leader>
  <controlfield tag="005">20241211115933.0</controlfield>
  <controlfield tag="008">241211b        |||||||| |||| 00| 0 eng d</controlfield>
  <datafield tag="040" ind1=" " ind2=" ">
    <subfield code="c">PK-LaUMT</subfield>
  </datafield>
  <datafield tag="082" ind1=" " ind2=" ">
    <subfield code="a">APC 297.4092</subfield>
    <subfield code="b">FIR-</subfield>
  </datafield>
  <datafield tag="245" ind1=" " ind2=" ">
    <subfield code="a">Fird i Farid =  &#x641;&#x631;&#x62F;&#x650; &#x641;&#x631;&#x6CC;&#x62F; :</subfield>
    <subfield code="b">hazrat Khawaja Ghulam Farid kay kalam o pegham ka tahseeni jaizah = &#x62D;&#x636;&#x631;&#x62A; &#x62E;&#x648;&#x627;&#x62C;&#x6C1; &#x63A;&#x644;&#x627;&#x645; &#x641;&#x631;&#x6CC;&#x62F; &#x6A9;&#x6D2; &#x6A9;&#x644;&#x627;&#x645;&#x648; &#x67E;&#x6CC;&#x63A;&#x627;&#x645; &#x6A9;&#x627; &#x62A;&#x62D;&#x633;&#x6CC;&#x646;&#x6CC; &#x62C;&#x627;&#x626;&#x632;&#x6C1; /</subfield>
    <subfield code="c">compiled by Mehr Abdul Haq = &#x645;&#x631;&#x62A;&#x628;&#x6C1; &#x645;&#x6C1;&#x631; &#x639;&#x628;&#x62F;&#x627;&#x644;&#x62D;&#x642;</subfield>
  </datafield>
  <datafield tag="260" ind1=" " ind2=" ">
    <subfield code="a">Multan :</subfield>
    <subfield code="b">Nau Bahar Press,</subfield>
    <subfield code="c">2006</subfield>
  </datafield>
  <datafield tag="300" ind1=" " ind2=" ">
    <subfield code="a">448 p.</subfield>
  </datafield>
  <datafield tag="546" ind1=" " ind2=" ">
    <subfield code="a">Urdu</subfield>
  </datafield>
  <datafield tag="942" ind1=" " ind2=" ">
    <subfield code="c">BK</subfield>
  </datafield>
  <datafield tag="999" ind1=" " ind2=" ">
    <subfield code="c">136262</subfield>
    <subfield code="d">136262</subfield>
  </datafield>
  <datafield tag="952" ind1=" " ind2=" ">
    <subfield code="0">0</subfield>
    <subfield code="1">0</subfield>
    <subfield code="4">0</subfield>
    <subfield code="7">0</subfield>
    <subfield code="a">01</subfield>
    <subfield code="b">01</subfield>
    <subfield code="d">2024-12-11</subfield>
    <subfield code="l">0</subfield>
    <subfield code="o">APC 297.4092 &#x656;FIR-</subfield>
    <subfield code="p">148125</subfield>
    <subfield code="r">2024-12-11 11:40:34</subfield>
    <subfield code="w">2024-12-11</subfield>
    <subfield code="y">BK</subfield>
  </datafield>
</record>
